<?xml version="1.0" encoding="UTF-8"?>
<record
    xmlns:xsi="http://www.w3.org/2001/XMLSchema-instance"
    xsi:schemaLocation="http://www.loc.gov/MARC21/slim http://www.loc.gov/standards/marcxml/schema/MARC21slim.xsd"
    xmlns="http://www.loc.gov/MARC21/slim">

  <leader>00775nam a22002177a 4500</leader>
  <controlfield tag="005">20240530110404.0</controlfield>
  <controlfield tag="008">150129s2011    ua     g b    000 0 ara d</controlfield>
  <datafield tag="040" ind1=" " ind2=" ">
    <subfield code="a">EG-CaGPL</subfield>
  </datafield>
  <datafield tag="041" ind1="0" ind2=" ">
    <subfield code="a">ara</subfield>
  </datafield>
  <datafield tag="082" ind1="0" ind2="4">
    <subfield code="2">21</subfield>
    <subfield code="a">190\</subfield>
    <subfield code="b">&#x639; &#x645;</subfield>
  </datafield>
  <datafield tag="100" ind1="0" ind2=" ">
    <subfield code="a">&#x639;&#x628;&#x627;&#x633; &#x645;&#x62D;&#x645;&#x62F; &#x62D;&#x633;&#x646; &#x633;&#x644;&#x64A;&#x645;&#x627;&#x646;</subfield>
  </datafield>
  <datafield tag="245" ind1="1" ind2="0">
    <subfield code="a">&#x645;&#x62F;&#x62E;&#x644; &#x627;&#x644;&#x649; &#x627;&#x644;&#x641;&#x644;&#x633;&#x641;&#x629; &#x641;&#x649; &#x627;&#x644;&#x642;&#x631;&#x646; &#x627;&#x644;&#x62D;&#x627;&#x62F;&#x649; &#x648; &#x627;&#x644;&#x639;&#x634;&#x631;&#x64A;&#x646; /</subfield>
    <subfield code="c">&#x639;&#x628;&#x627;&#x633; &#x645;&#x62D;&#x645;&#x62F; &#x62D;&#x633;&#x646; &#x633;&#x644;&#x64A;&#x645;&#x627;&#x646;</subfield>
  </datafield>
  <datafield tag="260" ind1=" " ind2=" ">
    <subfield code="a">&#x627;&#x644;&#x627;&#x633;&#x643;&#x646;&#x62F;&#x631;&#x64A;&#x629; :</subfield>
    <subfield code="b">&#x62F;&#x627;&#x631; &#x627;&#x644;&#x645;&#x639;&#x631;&#x641;&#x629; &#x627;&#x644;&#x62C;&#x627;&#x645;&#x639;&#x64A;&#x629; &#x60C;</subfield>
    <subfield code="c">2011</subfield>
  </datafield>
  <datafield tag="300" ind1=" " ind2=" ">
    <subfield code="a">287 &#x635; &#x61B;</subfield>
    <subfield code="c">24 &#x633;&#x645;</subfield>
  </datafield>
  <datafield tag="504" ind1=" " ind2=" ">
    <subfield code="a">&#x628;&#x628;&#x644;&#x64A;&#x648;&#x62C;&#x631;&#x627;&#x641;&#x64A;&#x629; : &#x635; 251 - 286</subfield>
  </datafield>
  <datafield tag="650" ind1="0" ind2="4">
    <subfield code="a">&#x627;&#x644;&#x641;&#x644;&#x633;&#x641;&#x629;</subfield>
  </datafield>
  <datafield tag="650" ind1="0" ind2="4">
    <subfield code="a">&#x627;&#x644;&#x641;&#x644;&#x633;&#x641;&#x629;</subfield>
    <subfield code="x">&#x639;&#x644;&#x645;</subfield>
  </datafield>
  <datafield tag="650" ind1="0" ind2="4">
    <subfield code="a">&#x627;&#x644;&#x641;&#x644;&#x633;&#x641;&#x629;</subfield>
    <subfield code="x">&#x627;&#x644;&#x639;&#x648;&#x644;&#x645;&#x629;</subfield>
  </datafield>
  <datafield tag="942" ind1=" " ind2=" ">
    <subfield code="2">ddc</subfield>
    <subfield code="c">BK</subfield>
  </datafield>
  <datafield tag="999" ind1=" " ind2=" ">
    <subfield code="c">60328</subfield>
    <subfield code="d">60328</subfield>
  </datafield>
  <datafield tag="952" ind1=" " ind2=" ">
    <subfield code="0">0</subfield>
    <subfield code="1">0</subfield>
    <subfield code="4">0</subfield>
    <subfield code="7">0</subfield>
    <subfield code="a">CAI</subfield>
    <subfield code="b">CAI</subfield>
    <subfield code="d">2015-01-29</subfield>
    <subfield code="l">0</subfield>
    <subfield code="o">190\ &#x639; &#x645;</subfield>
    <subfield code="p">159353</subfield>
    <subfield code="r">2015-01-29 00:00:00</subfield>
    <subfield code="w">2015-01-29</subfield>
    <subfield code="y">BK</subfield>
  </datafield>
</record>
